00914nam a2200205Ia 4500003000900000008004100009020001800050040001600068080002200084111008500106245026100191260006100452300001500513490003400528650002700562650002300589650003000612700002600642710004000668IN-BaIIA211028s9999 xx 000 0 eng d a1-58381-211-3 cIIA Library a082.2:52bASP-344 aInternational Astronomical Observatories in Chile WorkshopcChiled2004 Oct. 4-8 4aThe cool universe-observing cosmic dawnbproceedings of the 2004 International Astronomical Observatories in Chile Workshop held in Valparaiso, Chile, 4-8 Oct 2004cedited by C. Lidman and Danielle Alloin  aSan FranciscobAstronomical Society of the Pacificc2005 axiv, 268p. aASP conference series; v. 344 aCosmology - congresses aGalactic astronomy aThe Universe - congresses aAlloin, Danielle, ed. aAstronomical Society of the Pacific